Didáctica de la Música para Educación Preescolar
Guardat en:
| Autor principal: | |
|---|---|
| Format: | Llibre |
| Idioma: | espanyol |
| Publicat: |
Madrid
Pearson Educación S. A
2006
|
| Edició: | 1a. ed |
| Col·lecció: | Colección Didáctica Preescolar
|
| Matèries: | |
| Etiquetes: |
Afegir etiqueta
Sense etiquetes, Sigues el primer a etiquetar aquest registre!
|
MARC
| LEADER | 00000cam a2200000 a 4500 | ||
|---|---|---|---|
| 001 | UCC4840 | ||
| 003 | CL-VaPUC | ||
| 008 | 180831e20060000sp |||||||||||||||||spa|d | ||
| 020 | |a 9788483223307 | ||
| 082 | 0 | 4 | |a 372.218 |b PAS |2 21 |
| 100 | |a Pascual Mejía, Pilar |e autora |9 599041 | ||
| 245 | 1 | 0 | |a Didáctica de la Música para Educación Preescolar |
| 250 | |a 1a. ed | ||
| 300 | |a 320 p | ||
| 942 | |c BK | ||
| 945 | |d 20180831 12:04:00 |a dcastane | ||
| 260 | |a Madrid |b Pearson Educación S. A |c 2006 | ||
| 650 | 0 | |a Didáctica |9 369923 | |
| 650 | 0 | |a Educación musical |9 310072 | |
| 650 | 0 | |a Educación preescolar |9 260381 | |
| 583 | |a last modification |c 20180831 12:04:00 |k Rodrigo Vera | ||
| 490 | 0 | |a Colección Didáctica Preescolar | |
| 999 | |c 372226 |d 372224 | ||